000 00508nam a2200181Ia 4500
008 100917s9999 xx 000 0 und d
082 _b31576
100 _aसिनकर श्रीकांत
245 _aचार्जशीट
260 _bदिलीप प्रकाशन
_c1977
300 _a218
365 _b18
520 _aकादंबरी
630 _aचार्जशीट
650 _aकादंबरी
730 _aचार्जशीट
942 _cBOOK
999 _c636970
_d636967